000 00604nam a22002177a 4500
003 OSt
005 20140310183122.0
008 130511t xxu||||| |||| 00| 0 eng d
020 _a9710869396
050 _aJQ 1411
_b.N793 2009
082 _2FIL 342
_a.N72 2009
245 _aThe Constitution of the Republic of the Philippines
_bexplained
_cNolledo, Jose
250 _a2009 Revised Edition
260 _aMandaluyong City
_bNational Bookstore
_c2009
300 _a619p
_c26cm
521 _aCollege Students
526 _c1210L-1700L
541 _j1
562 _e1
942 _2lcc
_cBK
_kFIL
999 _c18946
_d18946